Statistieken voor Europese Inwoners

Klik hier om de quiz te nemen!

Algemene statistieken

  • Deze quiz is 904 keer genomen
  • De gemiddelde score is 43 van 51

Antwoordstatistieken

HintAntwoord% Correct
BelgiëBelg
98%
NederlandNederlander
97%
RuslandRus
97%
DenemarkenDeen
96%
FinlandFin
96%
GriekenlandGriek
96%
IerlandIer
96%
TurkijeTurk
96%
ItaliëItaliaan
95%
LetlandLet
95%
NoorwegenNoor
95%
PolenPool
95%
SchotlandSchot
95%
ZwedenZweed
95%
BulgarijeBulgaar
94%
EstlandEst
94%
HongarijeHongaar
94%
PortugalPortugees
94%
SpanjeSpanjaard
94%
ZwitserlandZwitser
94%
IjslandIjslander
93%
OostenrijkOostenrijker
93%
RoemeniëRoemeen
93%
ServiëServiër
93%
BosniëBosniër
92%
KroatiëKroaat
92%
LuxemburgLuxemburger
92%
FrankrijkFransman
91%
SloveniëSloveen
91%
TsjechiëTsjech
91%
Wit-RuslandWit-Rus
89%
SlovakijeSlovaak
87%
GeorgiëGeorgiër
86%
KazachstanKazach
86%
LitouwenLitouwer
86%
MoldaviëMoldaviër
86%
AlbaniëAlbanees
85%
GroenlandGroenlander
85%
MacedoniëMacedoniër
85%
ArmeniëArmeen
82%
OekrainëOekraïner
79%
LiechtensteinLiechtensteiner
78%
MaltaMaltees
77%
VaticaanstadVaticaan
67%
CyprusCyprioot
63%
EngelandEngelander
62%
San MarinoSan Marinees
50%
MonacoMonegask
40%
AndorraAndorees
37%
AzerbeidjanAzerbeidjaner
25%
MontenegroMontegrijn
11%

Scoreverdeling

Percentiel versus Aantal Correcte Antwoorden

Procent van Mensen met Elke Score

Uw Scoregeschiedenis

U heeft deze quiz nog niet genomen